000
00291nam a22001337a 4500
003
SGT
082
_a
370
_b
M14G
100
_a
GUPTA, RAMESH
245
_a
MODERN INDIAN EDUCATION SYSTEM
260
_a
NEW DELHI
_b
INDIAN PUB
_c
2014
300
_a
322
650
_a
EDUCATION
942
_2
ddc
_c
BK
_0
2
999
_c
12111
_d
12111